Normal view MARC view

Entry Personal Name

Number of records used in: 2

001 - CONTROL NUMBER

  • control field: 76066

003 - CONTROL NUMBER IDENTIFIER

  • control field: dpl

005 - DATE AND TIME OF LATEST TRANSACTION

  • control field: 20250108111520.0

008 - FIXED-LENGTH DATA ELEMENTS

  • fixed length control field: 250108|| aca||aabn | a|a d

040 ## - CATALOGING SOURCE

  • Original cataloging agency: dpl
  • Transcribing agency: dpl

100 ## - HEADING--PERSONAL NAME

  • Personal name: Kamlesh, M.L

670 ## - SOURCE DATA FOUND

  • Source citation: Work cat.: (dpl)208180: Kamlesh, M.L., Psychology in Physical Education and Sport/, 2015

© Delhi Public Library
Hit Counter
free hit counter